000
00213 a2200097 4500
001
13664
100
_a
Ahmed, N
245
_a
Father of the Nation
260
_a
Lahore
_b
Qaumi Kuttab Khana
_c
090
_c
10658
_d
10658
942
_a
NUST-CAE
_c
M
_c
734
999
_c
248737
_d
248737